00385nam a2200157Ia 45000010006000000050017000060080041000230410008000640820015000721000032000872450055001192600009001743000028001836500008002116540008002191785620260306171548.0260306s9999||||xx |||||||||||||| ||und|| aESP a658.3bA67 aArbaiza Fermini, LydiaeAUT 0aDirección de recursos humanos:bel factor humano c2016 a273 páginas :c24 cm. aGEN aCAN